02024 a2200289 45000010006000000050017000060080041000230030015000640400040000790800085001192450084002040200022002882640070003103000019003805051030003990410008014291000018014377000019014557000022014747000023014967000023015197000024015427000026015667000024015927000019016168560099016356051520260407155856.0260407a2014 arg spa dAR-UNSa-BCEJYS aAR-UNSa-BCEJYSbspacAR-UNSa-BCEJYS a330.342.146xEconomía social de mercado. Economía del estado del bienestar 10aEconomía socialpPrecisiones conceptuales y algunas experiencias históricas a978-987-630-172-5 1aLos Polvorines :bUniversidad Nacional de General Sarmientoc2014 a255 p.c21 cm. a1. Estudios de economía social. Segunda lección - Intervención de las doctrinas filosóficas / León Walras - 2. Charles Gide: una referencia singular para identificar la economia social y definir su identidad / Mirta Vuotto - 3. Teoría económica sistema y cooperativo / Julio H. G. Olivera - 4. Orígenes, contextos y funciones de un tercer gran sector / Jacques Defourny - 5. La economía social como enfoque metodológico, como objeto de estudio y como disciplina científica / Rafael Chavez - 6. La economía social: tercer sector de un nuevo escenario / José Luis Monzón - 7. La larga marcha del concepto de economía social / Jacques Defourny - 8. La economía social en Québec: elementos teóricos y empíricos para el debate y la investigación / Benoít Lévesque y Margueritte Mendell - 9. La cooperación y la economía social / Marie-Claire Mallo - 10. Las empresas de economía social ¿Generan mayores innovaciones sociales que las empresas de otro tipo? / Benoít Lévesque  aspa1 aVuotto, Mirta1 aChavez, Rafael1 aDefourny, Jacques1 aLévesque, Benoit1 aMalo, Marie-Claire1 aMendell, Marguerite1 aMonzón, José Luis1 aOlivera, Julio H.G.1 aWalras, Léon41uhttps://www.biblioeco.unsa.edu.ar/pmb/images/libros/L129216.jpgyImagen de portadaqimage/jpeg